Os 7 menores Países da Europa em 20 seg - Statistics

Estatísticas Gerais
  • Esse quiz foi jogado 542 vezes
  • A pontuação média é 5 de 7
Respostas no mapa
Respostas codificadas por cores de uma escala verde-vermelha no mapa do quiz de acordo com a % correta abaixo.
 
Estatísticas das Respostas
Respostas % Correto
Vaticano
95%
San Marino
89%
Andorra
86%
Mônaco
85%
Liechtenstein
71%
Malta
67%
Chipre
11%
Nenhum quiz correspondente encontrado
Distribuição das Pontuações
Porcentagem de Pessoas com Cada Pontuação
Percentil de Números Respondidos
Sua Pontuação Histórica
Você não jogou esse quiz